000 01189nam a2200301 i 4500
003 EG-GICUC
005 20260121101224.0
008 251116s1975 ua ||||f |||| 00| 0 ara d
040 _a EG-GICUC
_bara
_c EG-GICUC
_d EG-GICUC
_erda
043 _aara
082 0 4 _221
_a345
_bم ح . د
092 0 4 _221
099 _aLaw1 07 345 م ح . د 1975
100 0 _aمحمد عبد الحميد ابو زيد
_eمؤلف.
245 _aدوام سير المرافق العامة :
_bدراسة مقارنة /
_cدكتور محمد عبد الحميد ابو زيد
264 _a[مكان النشر غير معروف]
_b[اسم الناشر غير معروف]
_c1975.
300 _a304 صفحة
_b
_c24 سم
336 _2rda content
_atext
337 _2rda media
_aComputer
338 _2rda carrier
_aOnline Resource
504 _a. 298-287 ببليوجرافيا: صفحات.
546 _aالنص أغلبه باللغة العربية بعض النصوص الإنجليزية والفرنسية
650 1 _aالقانون الإداري
_2qrmak
651 1 _2qrmak
856 4 0 _uhttps://fll.law.cu.edu.eg/fulltext/bks/B07-00969.pdf
905 _a74
942 _2ddc
_n0
_cBK
_e21
999 _c43426
_d43426